000 01074nam a22002537a 4500
003 UA-OsUOA
001 110707
007 ta
008 20150331b un ||||| |||| 00| 0 ukr d
100 _aКачараба С. П.
090 _a94(477.8):314.743
_bК30
942 _cBK
040 _aUA-OsUOA
_bukr
_cUA-OsUOA
_dUA-OsUOA
245 _aЕміграція з Західної України 1919 - 1939
_bмонографія
300 _a416 с.
955 _a1
041 _aukr
080 _a94(477.8):314.743
020 _a966-613-252-4
520 3 _aЗміст1. Передумови еміграції2. Еміграційна політика Польщі3. Північноамериканський напрям еміграції4. Південноамериканський напрям еміграції5. Еміграція євреїв до Палестини6. Континентальна еміграція
260 _aЛьвів
_b2003
_c416 с.
650 7 _a9 Географія. Біографії. Історія
_2UDC
999 _c396807
_d396807